Guess the Celebrity by Picture - Letter N - Statistics

General Stats
  • This quiz has been taken 345 times
    253 since last reset
  • The average score is 6 of 8
Answer Stats
Picture Answer % Correct
Neil Armstrong
92%
Nicki Minaj
92%
Nelson Mandela
81%
Nick Jonas
75%
Natalie Portman
73%
Nicolas Cage
70%
Nicole Kidman
62%
Novak Djokovic
48%
No matching quizzes found
Score Distribution
Percent of People with Each Score
Percentile by Number Answered
Your Score History
You have not taken this quiz since the last reset